| 000 | 006250000a22001930004500 | ||
|---|---|---|---|
| 090 |
_aAR _b01732 |
||
| 245 | 1 | 0 | _aVegetación de las zonas media y baja del transecto Parque los Nevados |
| 650 | 1 | 4 |
_aFitosociología _9149 |
| 650 | 1 | 4 |
_aVegetación _992799 |
| 650 | 1 | 4 |
_aBotánica _9361 |
| 650 | 1 | 4 |
_aEcología _992250 |
| 651 | 4 |
_lParque Nacional Natural Los Nevados _dRisaralda, Quindio, Tolima _pColombia _992749 |
|
| 041 | 0 | _aEspañol | |
| 700 | 1 |
_aCleef, Antoine M. _993067 |
|
| 700 | 1 |
_aSalamanca V., Sonia _995151 |
|
| 100 | 1 |
_aRangel Ch., J. Orlando _992819 |
|
| 942 | _cARTICULO | ||
| 773 | 1 |
_tPreprint _33 _q190-218 _d1990? |
|
| 999 |
_c10811 _d10811 |
||